Loading...
കേരള ചരിത്രധാരകൾ (Kerala charithradharakal)
| Hovedforfatter: | |
|---|---|
| Format: | Printed Book |
| Udgivet: |
Thiruvananthapuram:
Malu Ben Publications,
2003.
|
| Udgivelse: | 1 |
| Fag: |
| LEADER | 00624cam a2200169ua 4500 | ||
|---|---|---|---|
| 999 | |c 6476 |d 6476 | ||
| 020 | |a 81-87480-24-6 | ||
| 082 | |a M954.83 |b GOP/K | ||
| 100 | 0 | |a ഗോപാലകൃഷ്ണൻ,നടുവട്ടം (Gopalakrishnan,Naduvattom) | |
| 245 | 1 | 0 | |a കേരള ചരിത്രധാരകൾ (Kerala charithradharakal) |
| 250 | |a 1 | ||
| 260 | |a Thiruvananthapuram: |b Malu Ben Publications, |c 2003. | ||
| 300 | |a 159p. | ||
| 650 | |a Kerala-History | ||
| 650 | 0 | |a Culture | |
| 942 | |c BK | ||
| 952 | |0 0 |1 0 |4 0 |6 M_954_830000000000000_GOP_K |7 0 |9 6808 |a KUCL |c M |d 2014-05-23 |l 1 |o M954.83 GOP/K |p 11663 |r 2015-11-21 |s 2015-09-15 |y BK | ||